[Event "3rd Danzhou GM"]
[Site "Danzhou CHN"]
[Date "2012.05.29"]
[Round "1"]
[White "Ding, Liren"]
[Black "Wang, Yue"]
[Result "1/2-1/2"]
[WhiteTitle "GM"]
[BlackTitle "GM"]
[WhiteElo "2679"]
[BlackElo "2690"]
[WhiteFideId "8603677"]
[BlackFideId "8601429"]
[EventDate "2012.05.29"]

1. d4 d5 2. c4 c6 3. Nf3 Nf6 4. Nc3 a6 5. a4 e6 6. Bg5 Be7 7. e3 a5 8. Be2 Na6
9. O-O Nb4 10. Qb3 O-O 11. Na2 dxc4 12. Qxc4 Nxa2 13. Qxa2 Nd5 14. Bxe7 Qxe7 15.
Ne5 Rd8 16. Qc4 Bd7 17. Qc5 Be8 18. Rfd1 f6 19. Nd3 Qxc5 20. Nxc5 b6 21. Nd3 Bg6
22. Bf3 Bxd3 23. Rxd3 Nb4 24. Rdd1 Kf7 25. Kf1 Ke7 26. Rac1 Rac8 27. Rc4 c5 28.
Rdc1 Nd3 29. R1c2 Nb4 30. Rc1 Nd3 31. R1c2 Nb4 32. Rc1 Nd3 1/2-1/2

[Event "3rd Danzhou GM"]
[Site "Danzhou CHN"]
[Date "2012.05.29"]
[Round "1"]
[White "Wen, Yang"]
[Black "Yu, Yangyi"]
[Result "1/2-1/2"]
[WhiteTitle "GM"]
[BlackTitle "GM"]
[WhiteElo "2550"]
[BlackElo "2626"]
[WhiteFideId "8602956"]
[BlackFideId "8603820"]
[EventDate "2012.05.29"]

1. d4 Nf6 2. c4 e6 3. g3 c5 4. d5 exd5 5. cxd5 d6 6. Nc3 g6 7. Bg2 Bg7 8. Nf3
O-O 9. O-O Re8 10. Bf4 Ne4 11. Nxe4 Rxe4 12. Nd2 Rb4 13. Rb1 g5 14. Be3 f5 15.
Nb3 Nd7 16. a3 Rb5 17. Nd2 Ne5 18. Bxg5 Qxg5 19. f4 Qg4 20. fxe5 Bxe5 21. b3 a5
22. e3 a4 23. Bf3 Qg7 24. Be2 Rb6 25. b4 f4 26. exf4 Bd4+ 27. Kg2 Bf5 28. Nc4
Bxb1 29. Nxb6 Re8 30. Bf3 Be4 31. Bxe4 Rxe4 32. Nc4 Qe7 33. Qd3 Re2+ 34. Kf3
Rxh2 35. Qe4 Kf8 36. Qxe7+ Kxe7 37. bxc5 Bxc5 38. Rb1 Rc2 39. Rxb7+ Kf6 40. Nb6
Rc3+ 41. Kg4 h5+ 42. Kxh5 Bxb6 43. Rxb6 Rxg3 44. Kh4 Rxa3 45. Kg4 Rd3 46. Rxd6+
Ke7 47. Ra6 Rxd5 48. Rxa4 Kf6 49. f5 Rd6 50. Kf3 Kxf5 51. Re4 Rd3+ 52. Re3 Rxe3+
53. Kxe3 1/2-1/2

[Event "3rd Danzhou GM"]
[Site "Danzhou CHN"]
[Date "2012.05.29"]
[Round "1"]
[White "Ni, Hua"]
[Black "Zhou, Jianchao"]
[Result "1-0"]
[WhiteTitle "GM"]
[BlackTitle "GM"]
[WhiteElo "2673"]
[BlackElo "2609"]
[WhiteFideId "8601160"]
[BlackFideId "8603537"]
[EventDate "2012.05.29"]

1. e4 c5 2. Nf3 Nc6 3. d4 cxd4 4. Nxd4 e6 5. Nc3 Qc7 6. Be2 a6 7. O-O Nf6 8. Be3
Be7 9. f4 d6 10. Qe1 O-O 11. Qg3 d5 12. e5 Nxd4 13. Bxd4 Bc5 14. Qe3 Bxd4 15.
Qxd4 Nd7 16. Bd3 Qc5 17. Ne2 Qxd4+ 18. Nxd4 Nc5 19. b4 Na4 20. g4 Re8 21. Rae1
Bd7 22. Re3 a5 23. Rh3 h6 24. b5 Nc5 25. g5 Nxd3 26. cxd3 hxg5 27. fxg5 Rac8 28.
Kf2 Rc5 29. a4 Rec8 30. Ke3 Rc1 31. Rhf3 Rxf1 32. Rxf1 Rc3 33. h4 g6 34. Ra1 Kf8
35. Kd2 Rc8 36. Rc1 Rxc1 37. Kxc1 b6 38. Kd2 Bc8 39. Ke3 Bb7 40. Nb3 d4+ 41.
Kxd4 Bf3 42. Kc3 Bd1 43. Kb2 Ke7 44. Ka3 Be2 45. Nc1 Bd1 46. Na2 Be2 47. d4 Bf3
48. Nc3 Kf8 49. Nb1 Ke7 50. Nd2 Bd5 51. Kb2 Kd7 52. Kc3 Kc7 53. Nc4 Bxc4 54.
Kxc4 Kd8 55. Kd3 Ke8 56. Ke4 Ke7 57. Kf4 Kf8 58. Kg4 Kg7 59. h5 gxh5+ 60. Kxh5
Kh7 61. Kh4 Kg7 62. Kg3 Kg6 63. Kg4 Kg7 64. Kf4 Kg6 65. Ke4 Kxg5 66. d5 Kg6 67.
d6 f5+ 68. exf6 Kxf6 69. Kd4 e5+ 70. Kd5 e4 71. Kc6 1-0

[Event "3rd Danzhou GM"]
[Site "Danzhou CHN"]
[Date "2012.05.29"]
[Round "1"]
[White "Zhou, Weiqi"]
[Black "Zhao, Jun"]
[Result "0-1"]
[WhiteTitle "GM"]
[BlackTitle "GM"]
[WhiteElo "2624"]
[BlackElo "2577"]
[WhiteFideId "8601674"]
[BlackFideId "8602522"]
[EventDate "2012.05.29"]

1. Nf3 Nf6 2. c4 g6 3. g3 Bg7 4. Bg2 O-O 5. O-O d6 6. d4 Nc6 7. d5 Na5 8. Qa4 c5
9. Bd2 b6 10. Bc3 Bd7 11. Qc2 Bf5 12. Qd1 a6 13. Nbd2 Bh6 14. Qe1 e5 15. dxe6
Bxe6 16. Ng5 Bxg5 17. f4 Bh6 18. Bxa8 Qxa8 19. Bxf6 Nxc4 20. Rf3 Re8 21. b3 Nxd2
22. Qxd2 d5 23. e4 d4 24. Re1 Bf5 25. Rf2 Bxe4 26. g4 Qc6 27. Bg5 Bxg5 28. fxg5
Bd5 29. Rfe2 Rd8 30. Qf4 Be6 31. Rd2 Qd6 32. Qf6 b5 33. Rf2 Rd7 34. Rd1 d3 35.
Rfd2 c4 36. bxc4 bxc4 37. Rb1 Qd4+ 38. Kf1 Qxf6+ 39. gxf6 h5 40. Rc1 hxg4 41.
Ke1 Rb7 42. Kf2 Kh7 43. Ke3 g5 44. Kd4 Kg6 45. Rf2 Rd7+ 46. Kc3 Bd5 47. Rb1 Bf3
48. Rd2 Rd6 49. Kxc4 Be2 50. Kc3 Rc6+ 51. Kd4 Rxf6 52. Rb3 Kf5 53. Ke3 Rh6 54.
Ra3 Rh3+ 55. Kd4 Kf4 56. Rxa6 f5 57. Ra3 Rxh2 58. Raxd3 Bxd3 59. Rxh2 g3 0-1

[Event "3rd Danzhou GM"]
[Site "Danzhou CHN"]
[Date "2012.05.29"]
[Round "1"]
[White "Bu, Xiangzhi"]
[Black "Hou, Yifan"]
[Result "1/2-1/2"]
[WhiteTitle "GM"]
[BlackTitle "GM"]
[WhiteElo "2656"]
[BlackElo "2623"]
[WhiteFideId "8601445"]
[BlackFideId "8602980"]
[EventDate "2012.05.29"]

1. c4 e6 2. g3 Nf6 3. Bg2 d5 4. Nf3 Be7 5. O-O O-O 6. d4 dxc4 7. Qc2 a6 8. a4
Bd7 9. Rd1 Bc6 10. Nc3 Bxf3 11. Bxf3 Nc6 12. Bxc6 bxc6 13. Bg5 Rb8 14. Rac1 a5
15. Bxf6 Bxf6 16. e3 h6 17. Rd2 Qe7 18. Qd1 c5 19. dxc5 Bxc3 20. Rxc3 Qxc5 21.
Rdc2 Rb4 22. b3 Qd6 23. Rd2 Qb6 24. Rxc4 Rxb3 25. Rdc2 Rb1 26. Rc1 Rxc1 27. Qxc1
Rc8 28. Rc5 c6 29. h4 Qb4 30. Rxc6 Rxc6 31. Qxc6 g6 32. Kg2 h5 33. Qe8+ Kg7 34.
Qc6 Kg8 35. Qe8+ Kg7 36. Qc6 Kg8 37. Qe8+ Kg7 1/2-1/2

[Event "3rd Danzhou GM"]
[Site "Danzhou CHN"]
[Date "2012.05.30"]
[Round "2"]
[White "Wang, Yue"]
[Black "Hou, Yifan"]
[Result "1-0"]
[WhiteTitle "GM"]
[BlackTitle "GM"]
[WhiteElo "2690"]
[BlackElo "2623"]
[WhiteFideId "8601429"]
[BlackFideId "8602980"]
[EventDate "2012.05.29"]

1. c4 e6 2. Nf3 Nf6 3. g3 d5 4. Bg2 Be7 5. O-O O-O 6. d4 dxc4 7. Qc2 a6 8. a4
Bd7 9. Qxc4 Bc6 10. Bf4 Bd6 11. Bg5 Nbd7 12. Nc3 h6 13. Bxf6 Nxf6 14. a5 Bxf3
15. Bxf3 c6 16. Rfd1 Qe7 17. Bg2 Rfe8 18. Qb3 Rab8 19. e3 h5 20. h4 g6 21. Nb1
e5 22. d5 e4 23. Nc3 Be5 24. Ra4 Bxc3 25. d6 Qe6 26. Qxc3 Nd5 27. Qb3 f5 28. Bf1
Red8 29. Rad4 b5 30. axb6 Rxb6 31. Qa2 Rxd6 32. Bxa6 c5 33. Bc8 Qxc8 34. Rxd5
Qe6 35. Qa8+ Kg7 36. Rxd6 Rxd6 37. Ra1 Rd7 38. Ra6 Qc4 39. Kg2 Qe2 40. Rxg6+
Kxg6 41. Qc6+ Kg7 42. Qxd7+ Kf6 43. Qd6+ Kf7 44. Qxc5 Ke6 45. Qc6+ Ke5 46. Qe8+
Kf6 47. Qd8+ Ke6 48. b4 Qf3+ 49. Kg1 Qe2 50. Qc8+ Kf6 51. Qc6+ Ke5 52. Qc1 Kd5
53. Qf1 Qf3 54. Qb5+ Ke6 55. Qb6+ Kd5 56. Qd4+ Kc6 57. Qc5+ Kb7 58. b5 Qd1+ 59.
Kh2 Qf3 60. Qc6+ Kb8 61. Qc2 Kb7 62. Kg1 Kb6 63. Qc6+ Ka5 64. Qa6+ Kb4 65. b6
Qd1+ 66. Qf1 Qb3 67. b7 Kc3 68. Qc1+ Kd3 69. Qc7 Qb1+ 70. Kh2 Qb2 1-0

[Event "3rd Danzhou GM"]
[Site "Danzhou CHN"]
[Date "2012.05.30"]
[Round "2"]
[White "Zhao, Jun"]
[Black "Bu, Xiangzhi"]
[Result "0-1"]
[WhiteTitle "GM"]
[BlackTitle "GM"]
[WhiteElo "2577"]
[BlackElo "2656"]
[WhiteFideId "8602522"]
[BlackFideId "8601445"]
[EventDate "2012.05.29"]

1. e4 c5 2. Nf3 d6 3. d4 cxd4 4. Qxd4 a6 5. Be3 Nc6 6. Qd2 Bg4 7. Nc3 e6 8. Nd4
Nxd4 9. Qxd4 Ne7 10. h3 Bh5 11. g4 Bg6 12. f4 Nc6 13. Qd2 h6 14. O-O-O Be7 15.
Kb1 Rc8 16. f5 Bh7 17. Bc4 Ne5 18. Bb3 Nc4 19. Bxc4 Rxc4 20. b3 Rc6 21. Ne2 O-O
22. Rhg1 Bf6 23. Nd4 Rc8 24. Nf3 d5 25. g5 hxg5 26. Nxg5 dxe4 27. Qg2 Qa5 28.
Bd4 Bxd4 29. Rxd4 Bxf5 30. Nxe6 g6 31. Nxf8 e3 32. Rc1 Kxf8 33. Qe2 Qe5 34. Rdd1
a5 35. Re1 Rc3 36. Qd1 a4 37. Qd8+ Kg7 38. bxa4 Rc4 39. Qb6 Qc3 40. a3 Bxc2+ 41.
Ka2 Qd2 42. Qb2+ Kg8 43. h4 e2 44. Rg1 Rc3 45. Rge1 0-1

[Event "3rd Danzhou GM"]
[Site "Danzhou CHN"]
[Date "2012.05.30"]
[Round "2"]
[White "Zhou, Jianchao"]
[Black "Zhou, Weiqi"]
[Result "1/2-1/2"]
[WhiteTitle "GM"]
[BlackTitle "GM"]
[WhiteElo "2609"]
[BlackElo "2624"]
[WhiteFideId "8603537"]
[BlackFideId "8601674"]
[EventDate "2012.05.29"]

1. d4 f5 2. Nf3 Nf6 3. e3 e6 4. Bd3 d5 5. O-O Bd6 6. c4 c6 7. b3 Qe7 8. Bb2 O-O
9. Nc3 Ne4 10. Ne2 Nd7 11. Ne5 Nxe5 12. dxe5 Ba3 13. Bxa3 Qxa3 14. Qc1 Qe7 15.
f4 Bd7 16. Bxe4 fxe4 17. c5 b6 18. Qa3 a5 19. Rac1 Rf7 20. Nd4 g5 21. b4 Rff8
22. f5 exf5 23. e6 bxc5 24. bxc5 Bxe6 25. Nxc6 Qf6 26. Nd4 f4 27. c6 Bg4 28. c7
Bd7 29. Rc5 Qd6 30. Qc3 a4 31. Nc6 fxe3 32. Re1 Rae8 33. Nd4 g4 34. Ne2 Rc8 35.
Rc1 g3 36. Nxg3 Qf4 37. Rxd5 Be6 38. Rd8 Qf2+ 39. Kh1 e2 40. Rxc8 Rxc8 41. h3
Bxh3 42. gxh3 Rxc7 43. Qxc7 Qf3+ 44. Kg1 Qe3+ 45. Kg2 Qf3+ 46. Kg1 Qe3+ 47. Kg2
Qf3+ 48. Kg1 1/2-1/2

[Event "3rd Danzhou GM"]
[Site "Danzhou CHN"]
[Date "2012.05.30"]
[Round "2"]
[White "Yu, Yangyi"]
[Black "Ni, Hua"]
[Result "1/2-1/2"]
[WhiteTitle "GM"]
[BlackTitle "GM"]
[WhiteElo "2626"]
[BlackElo "2673"]
[WhiteFideId "8603820"]
[BlackFideId "8601160"]
[EventDate "2012.05.29"]

1. e4 e5 2. Nf3 Nc6 3. Bb5 Nf6 4. d3 Bc5 5. Bxc6 dxc6 6. Bg5 Qd6 7. Nbd2 Ng4 8.
Bh4 f6 9. Nc4 Qe6 10. Nfd2 O-O 11. f3 Ne3 12. Nxe3 Bxe3 13. Nc4 Bc5 14. Qd2 Rd8
15. a3 b6 16. b3 Bd4 17. Rb1 a5 18. Bf2 a4 19. Bxd4 exd4 20. O-O Ba6 21. Ra1
axb3 22. cxb3 Bxc4 23. dxc4 d3 24. Qc3 Rd7 25. Rfd1 Rad8 26. Rd2 Rd4 27. a4 c5
28. Rad1 Qd6 29. g3 h5 30. Kg2 h4 31. Re1 Kf7 32. Qc1 Rh8 33. Rh1 g5 34. Qf1 Kg6
35. Qf2 Qd7 36. Re1 f5 37. exf5+ Qxf5 38. g4 Qf6 39. Qe3 Rhd8 40. Qe7 R4d6 41.
Kf2 Qf4 42. Qe4+ Kf6 43. Qe7+ Kg6 44. Qe4+ Kf6 45. Qe7+ 1/2-1/2

[Event "3rd Danzhou GM"]
[Site "Danzhou CHN"]
[Date "2012.05.30"]
[Round "2"]
[White "Ding, Liren"]
[Black "Wen, Yang"]
[Result "1/2-1/2"]
[WhiteTitle "GM"]
[BlackTitle "GM"]
[WhiteElo "2679"]
[BlackElo "2550"]
[WhiteFideId "8603677"]
[BlackFideId "8602956"]
[EventDate "2012.05.29"]

1. d4 Nf6 2. c4 g6 3. Nc3 Bg7 4. e4 d6 5. Nf3 O-O 6. Be2 e5 7. O-O Nc6 8. d5 Ne7
9. b4 Nh5 10. Re1 f5 11. c5 Nf6 12. Bg5 Ne8 13. a4 h6 14. Bxe7 Qxe7 15. c6 bxc6
16. dxc6 Be6 17. Bd3 Rd8 18. Rc1 Qf7 19. Qc2 fxe4 20. Bxe4 g5 21. Rcd1 Nf6 22.
Bg6 Qe7 23. b5 Kh8 24. a5 Rb8 25. Rb1 Nd5 26. Nxd5 Bxd5 27. Be4 Be6 28. Red1 g4
29. Ne1 Qf7 30. Bg6 Qf6 31. Be4 Qf7 32. Bg6 Qf6 33. g3 d5 34. Ng2 Bg8 35. Nh4
Be6 36. Qc5 Ra8 37. Bc2 e4 38. Bb3 d4 39. Bxe6 Qxe6 40. Qe7 Qxe7 41. Ng6+ Kh7
42. Nxe7 Rf7 43. Nd5 Be5 44. Re1 Rd8 45. Nb4 e3 46. Nd3 Rd5 47. Kg2 Bd6 48. Re2
h5 49. b6 axb6 50. axb6 cxb6 51. Rxb6 h4 52. gxh4 Rh5 53. Rb7 Rxb7 54. cxb7 Rxh4
55. fxe3 Rxh2+ 56. Kf1 Rh1+ 57. Kg2 Rh2+ 58. Kf1 Rh1+ 59. Kg2 1/2-1/2

[Event "3rd Danzhou GM"]
[Site "Danzhou CHN"]
[Date "2012.05.31"]
[Round "3"]
[White "Wen, Yang"]
[Black "Wang, Yue"]
[Result "1/2-1/2"]
[WhiteTitle "GM"]
[BlackTitle "GM"]
[WhiteElo "2550"]
[BlackElo "2690"]
[WhiteFideId "8602956"]
[BlackFideId "8601429"]
[EventDate "2012.05.29"]

1. d4 d5 2. c4 c6 3. Nc3 Nf6 4. e3 a6 5. Nf3 b5 6. c5 Bg4 7. Qb3 Nbd7 8. a4 e5
9. Na2 Be7 10. Nb4 Qc8 11. axb5 axb5 12. Rxa8 Qxa8 13. Qa3 Qc8 14. Qa6 Qxa6 15.
Nxa6 O-O 16. Nb4 Rc8 17. h3 Bxf3 18. gxf3 Bd8 19. Bd2 exd4 20. exd4 Ba5 21. Nxc6
Bxd2+ 22. Kxd2 Rxc6 23. Bxb5 Rc7 24. Ra1 Kf8 25. b4 Ke7 26. Bd3 Ne8 27. Ra8 Rb7
28. c6 Rxb4 29. Ra7 Rb6 30. cxd7 Nd6 31. Ra5 Nc4+ 32. Bxc4 dxc4 33. Rf5 Rd6 34.
Kc3 g6 35. Re5+ Kxd7 36. Kxc4 Rf6 37. Rd5+ Ke7 38. Re5+ Kd7 39. Rd5+ Ke7 40.
Re5+ 1/2-1/2

[Event "3rd Danzhou GM"]
[Site "Danzhou CHN"]
[Date "2012.05.31"]
[Round "3"]
[White "Ni, Hua"]
[Black "Ding, Liren"]
[Result "1/2-1/2"]
[WhiteTitle "GM"]
[BlackTitle "GM"]
[WhiteElo "2673"]
[BlackElo "2679"]
[WhiteFideId "8601160"]
[BlackFideId "8603677"]
[EventDate "2012.05.29"]

1. e4 c6 2. d4 d5 3. e5 Bf5 4. Nf3 e6 5. Be2 c5 6. Be3 cxd4 7. Nxd4 Ne7 8. Nd2
Nbc6 9. N2f3 Bg4 10. O-O Bxf3 11. Nxf3 Qc7 12. c4 dxc4 13. Bxc4 Nf5 14. Qe2 Nxe3
15. Qxe3 Qb6 16. Qxb6 axb6 17. a3 g6 18. Rfc1 Bh6 19. Rc3 O-O 20. Bb5 Rfc8 21.
Rd1 Na5 22. Rxc8+ Rxc8 23. b4 Nc6 24. Rd7 Bc1 25. Rxb7 Bxa3 26. Rxb6 Nxb4 27. g3
Nd5 28. Rc6 Rxc6 29. Bxc6 Nc3 30. Kg2 Kg7 31. Nd2 Bc5 32. Ne4 Nxe4 33. Bxe4 Bd4 1/2-1/2

[Event "3rd Danzhou GM"]
[Site "Danzhou CHN"]
[Date "2012.05.31"]
[Round "3"]
[White "Zhou, Weiqi"]
[Black "Yu, Yangyi"]
[Result "1/2-1/2"]
[WhiteTitle "GM"]
[BlackTitle "GM"]
[WhiteElo "2624"]
[BlackElo "2626"]
[WhiteFideId "8601674"]
[BlackFideId "8603820"]
[EventDate "2012.05.29"]

1. d4 d5 2. c4 c6 3. Nc3 Nf6 4. Nf3 dxc4 5. a4 Bf5 6. Ne5 Nbd7 7. Nxc4 Nb6 8.
Ne5 a5 9. e3 h6 10. Bd3 Bxd3 11. Nxd3 e6 12. Qb3 Nfd5 13. O-O Nb4 14. Rd1 Be7
15. Nc5 Nd7 16. N3e4 b6 17. Nd3 O-O 18. Nxb4 Bxb4 19. Bd2 Be7 20. Rac1 Rc8 21.
Rc4 Rc7 22. Be1 Qa8 23. f3 Rd8 24. Bg3 Rcc8 25. Bd6 Bxd6 26. Nxd6 Rb8 27. Ne4 b5
28. Rc2 Nb6 29. axb5 a4 30. Qd3 cxb5 31. Qxb5 Nd5 32. Qe2 a3 33. bxa3 Qxa3 34.
Rd3 Rb1+ 35. Kf2 Qe7 36. Rb2 Qh4+ 37. Ng3 Ra1 38. Rd1 Ra3 39. Rd3 Ra1 40. Rd1
Nc3 41. Rxa1 Nxe2 42. Rxe2 Rxd4 43. Ra8+ Rd8 44. Rxd8+ Qxd8 45. Nf1 Qh4+ 46. Kg1
g6 47. h3 Kg7 48. Rd2 Qe1 49. Rf2 h5 50. g3 g5 51. Kg2 Kg6 52. Kg1 Kf6 53. Kg2
Ke7 54. f4 h4 55. fxg5 hxg3 56. Kxg3 Kf8 57. h4 Kg7 58. Kg2 Kg6 59. Rf6+ Kg7 60.
Rf2 Kg6 61. Rf6+ Kg7 62. Rf2 Kg6 1/2-1/2

[Event "3rd Danzhou GM"]
[Site "Danzhou CHN"]
[Date "2012.05.31"]
[Round "3"]
[White "Bu, Xiangzhi"]
[Black "Zhou, Jianchao"]
[Result "1/2-1/2"]
[WhiteTitle "GM"]
[BlackTitle "GM"]
[WhiteElo "2656"]
[BlackElo "2609"]
[WhiteFideId "8601445"]
[BlackFideId "8603537"]
[EventDate "2012.05.29"]

1. c4 Nf6 2. Nf3 e6 3. g3 d5 4. Bg2 Be7 5. O-O O-O 6. d4 dxc4 7. Qc2 b5 8. a4 b4
9. Qxc4 Ba6 10. Qc2 Nbd7 11. Ne5 Nxe5 12. dxe5 Nd5 13. Rd1 Qc8 14. Be4 h6 15.
Bd3 c5 16. b3 Bxd3 17. Rxd3 a5 18. Nd2 Nb6 19. Nc4 Nxc4 20. Qxc4 Qc7 21. Be3
Rfd8 22. Rad1 Rxd3 23. Rxd3 Rd8 24. Rxd8+ Qxd8 25. Bxc5 Bxc5 26. Qxc5 Qd1+ 27.
Kg2 Qxe2 28. Qxa5 Qe4+ 29. Kg1 Qe1+ 30. Kg2 Qe4+ 31. Kg1 1/2-1/2

[Event "3rd Danzhou GM"]
[Site "Danzhou CHN"]
[Date "2012.05.31"]
[Round "3"]
[White "Hou, Yifan"]
[Black "Zhao, Jun"]
[Result "1/2-1/2"]
[WhiteTitle "GM"]
[BlackTitle "GM"]
[WhiteElo "2623"]
[BlackElo "2577"]
[WhiteFideId "8602980"]
[BlackFideId "8602522"]
[EventDate "2012.05.29"]

1. e4 g6 2. d4 Bg7 3. Nc3 c6 4. h3 d5 5. Nf3 Nf6 6. Bd3 dxe4 7. Nxe4 Nxe4 8.
Bxe4 O-O 9. O-O Nd7 10. Bg5 Qb6 11. Re1 Nf6 12. Bd3 Qxb2 13. Rxe7 Qa3 14. Re3
Nd5 15. Re1 Be6 16. c4 Nc7 17. Bf4 Rac8 18. Re3 Qe7 19. a4 Qd7 20. Rb1 b5 21.
axb5 cxb5 22. c5 a6 23. Bd6 Nd5 24. Bxf8 Nxe3 25. fxe3 Kxf8 26. Qd2 f5 27. Re1
Bd5 28. Qb4 Bxf3 29. gxf3 f4 30. c6+ Qe7 31. Qxe7+ Kxe7 32. d5 fxe3 33. Rxe3+
Kd6 34. Kf1 Bd4 35. Re2 Kxd5 36. Ra2 Kxc6 37. Rxa6+ Bb6 38. Ra2 b4 39. h4 Kd5
40. Rb2 Bc5 41. h5 Kd4 42. Be4 gxh5 43. Rh2 h6 44. Rxh5 Bf8 45. Ke2 b3 46. Rd5+
Kc4 47. Rd2 Rb8 48. f4 b2 49. Bb1 Bg7 50. Ba2+ Kc3 51. Rd3+ Kc2 52. Rd2+ Kc3 53.
Rd3+ Kc2 1/2-1/2

[Event "3rd Danzhou GM"]
[Site "Danzhou CHN"]
[Date "2012.06.01"]
[Round "4"]
[White "Wang, Yue"]
[Black "Zhao, Jun"]
[Result "1/2-1/2"]
[WhiteTitle "GM"]
[BlackTitle "GM"]
[WhiteElo "2690"]
[BlackElo "2577"]
[WhiteFideId "8601429"]
[BlackFideId "8602522"]
[EventDate "2012.05.29"]

1. c4 Nf6 2. Nc3 g6 3. g3 Bg7 4. Bg2 O-O 5. b4 c6 6. Rb1 d5 7. cxd5 cxd5 8. Nf3
d4 9. Na4 Be6 10. a3 Ba2 11. Ra1 Bd5 12. O-O Qd6 13. d3 Nbd7 14. b5 a6 15. Bf4
e5 16. Bd2 a5 17. Bg5 Nh5 18. Bc1 h6 19. Rb1 b6 20. Nd2 Nhf6 21. Bxd5 Nxd5 22.
Qb3 Qe6 23. Nf3 e4 24. dxe4 Qxe4 25. Bd2 Rad8 26. Qd3 Rfe8 27. Rbc1 Qxe2 28.
Qxe2 Rxe2 29. Rfd1 Rde8 30. Kf1 d3 31. Be1 Rc2 32. Rb1 Rc4 33. Rxd3 Rxa4 34.
Rxd5 Rxa3 35. Rxd7 Rxf3 36. Kg2 Ra3 37. Bd2 Ra2 38. Kf3 a4 39. Be3 a3 40. Ra7
Rb2 41. Rd1 Bf8 42. Rd5 Bc5 43. Bxc5 bxc5 44. Rxa3 Ree2 45. Rxc5 Rxf2+ 46. Ke4
Rxh2 47. Kd5 Rhe2 48. Kc6 Kg7 49. Rd3 h5 50. Rcd5 Re4 51. Rd2 Rb3 52. R2d3 Rb1
53. Rd1 Rb2 54. R1d2 Rb3 55. R2d3 Rb1 56. Rd1 Rb3 1/2-1/2

[Event "3rd Danzhou GM"]
[Site "Danzhou CHN"]
[Date "2012.06.01"]
[Round "4"]
[White "Zhou, Jianchao"]
[Black "Hou, Yifan"]
[Result "1/2-1/2"]
[WhiteTitle "GM"]
[BlackTitle "GM"]
[WhiteElo "2609"]
[BlackElo "2623"]
[WhiteFideId "8603537"]
[BlackFideId "8602980"]
[EventDate "2012.05.29"]

1. Nf3 Nf6 2. c4 e6 3. Nc3 d5 4. d4 Bb4 5. cxd5 exd5 6. Bg5 Nbd7 7. e3 c5 8.
dxc5 Qa5 9. Rc1 Bxc3+ 10. bxc3 O-O 11. Nd4 Re8 12. Bxf6 Nxf6 13. Bb5 Bd7 14.
Bxd7 Nxd7 15. c6 bxc6 16. Nxc6 Qxa2 17. Nb4 Qc4 18. Qxd5 Qc8 19. Qc6 a5 20. Qxc8
Rexc8 21. Nd3 Nb6 22. Kd2 Nc4+ 23. Kc2 Nd6 24. f3 Ra7 25. e4 Rac7 26. Kd2 f5 27.
e5 Nc4+ 28. Ke2 Nb6 29. Rhe1 Kf7 30. h4 Nd5 31. g3 a4 32. Kd2 a3 33. e6+ Ke7 34.
Nb4 Nxb4 35. cxb4 Rd8+ 36. Ke3 Rxc1 37. Rxc1 Kxe6 38. Ra1 Rb8 39. Rxa3 Rxb4 40.
Ra6+ Kf7 41. Ra7+ Kf6 42. Ra6+ Kf7 43. Ra7+ 1/2-1/2

[Event "3rd Danzhou GM"]
[Site "Danzhou CHN"]
[Date "2012.06.01"]
[Round "4"]
[White "Yu, Yangyi"]
[Black "Bu, Xiangzhi"]
[Result "1/2-1/2"]
[WhiteTitle "GM"]
[BlackTitle "GM"]
[WhiteElo "2626"]
[BlackElo "2656"]
[WhiteFideId "8603820"]
[BlackFideId "8601445"]
[EventDate "2012.05.29"]

1. e4 c5 2. Nf3 Nc6 3. Bb5 g6 4. Bxc6 dxc6 5. d3 Bg7 6. h3 b6 7. O-O Nf6 8. Nc3
O-O 9. Bf4 h6 10. Qd2 Kh7 11. Rad1 Ne8 12. Bg3 Nc7 13. d4 cxd4 14. Nxd4 Qxd4 15.
Qxd4 Bxd4 16. Rxd4 Nb5 17. Nxb5 cxb5 18. f4 Bb7 19. Bh4 Rfd8 20. Rfd1 Rxd4 21.
Rxd4 Bc6 22. e5 e6 23. Rd6 Rc8 24. c3 Kg8 25. Be7 Be8 26. Bf6 Kf8 27. a3 Bc6 28.
g4 Ke8 29. Kf2 Bd7 30. Bg7 h5 31. gxh5 gxh5 32. Kg3 Rc5 33. Rd4 Bc6 34. Kh4 Bf3
35. Kg5 Rd5 36. Rxd5 exd5 37. Kf6 a5 38. f5 Bg2 39. h4 b4 40. cxb4 axb4 41. a4
d4 42. e6 Bd5 43. exf7+ Bxf7 44. Bh6 Bb3 45. Kg6 Bxa4 46. Kxh5 Kf7 47. Kg4 Bb3
48. Kf4 Kf6 49. Bg5+ Kg7 50. Ke5 d3 51. Kd6 d2 52. Bxd2 Kf6 53. Kc6 Bc4 54. Bxb4
b5 55. Bd2 1/2-1/2

[Event "3rd Danzhou GM"]
[Site "Danzhou CHN"]
[Date "2012.06.01"]
[Round "4"]
[White "Ding, Liren"]
[Black "Zhou, Weiqi"]
[Result "1/2-1/2"]
[WhiteTitle "GM"]
[BlackTitle "GM"]
[WhiteElo "2679"]
[BlackElo "2624"]
[WhiteFideId "8603677"]
[BlackFideId "8601674"]
[EventDate "2012.05.29"]

1. d4 Nf6 2. c4 e6 3. Nf3 d5 4. Nc3 Be7 5. Bf4 O-O 6. e3 Nbd7 7. c5 Nh5 8. Bd3
Nxf4 9. exf4 b6 10. b4 a5 11. a3 c6 12. O-O Qc7 13. g3 Ba6 14. Kg2 Bf6 15. Ne5
Nxe5 16. fxe5 Be7 17. Qe2 Bxd3 18. Qxd3 axb4 19. axb4 Qb7 20. Na4 b5 21. Nc3
Rxa1 22. Rxa1 Ra8 23. Qb1 Ra6 24. Rxa6 Qxa6 25. Qa2 Qxa2 26. Nxa2 f5 27. Nc1 Kf7
28. Nb3 Bd8 29. Na5 Bxa5 30. bxa5 b4 31. a6 b3 32. a7 b2 33. a8=Q b1=Q 34. Qxc6
Qe4+ 35. Kg1 Qe1+ 36. Kg2 Qe4+ 37. Kg1 Qe1+ 38. Kg2 Qe4+ 1/2-1/2

[Event "3rd Danzhou GM"]
[Site "Danzhou CHN"]
[Date "2012.06.01"]
[Round "4"]
[White "Wen, Yang"]
[Black "Ni, Hua"]
[Result "1/2-1/2"]
[WhiteTitle "GM"]
[BlackTitle "GM"]
[WhiteElo "2550"]
[BlackElo "2673"]
[WhiteFideId "8602956"]
[BlackFideId "8601160"]
[EventDate "2012.05.29"]

1. d4 d5 2. c4 c6 3. Nc3 Nf6 4. e3 a6 5. Nf3 b5 6. c5 g6 7. Ne5 Bg7 8. Be2 a5 9.
O-O Qc7 10. f4 h5 11. Nd3 Ne4 12. Bf3 Bf5 13. Bxe4 Bxe4 14. Nxe4 dxe4 15. Ne5
Qd8 16. Bd2 a4 17. f5 g5 18. Bc3 Qd5 19. Qe1 Na6 20. Rd1 Bf6 21. a3 Kf8 22. Kh1
Kg7 23. Qe2 Nc7 24. Qe1 Rad8 25. Qe2 Ra8 26. Qe1 Na6 27. Qg3 Kf8 28. Qe1 Rb8 29.
Qe2 Kg7 30. h3 Rbg8 31. g3 Rb8 32. Qe1 Kf8 33. Kg1 Rg8 34. Qe2 Rh8 35. Qe1 Kg8
36. Qe2 Kg7 37. Kg2 Kh6 38. Rd2 Kg7 39. Ra1 Ra8 40. Rdd1 Nc7 41. Qe1 Na6 42. Qe2
Nc7 43. Qe1 Na6 1/2-1/2

[Event "3rd Danzhou GM"]
[Site "Danzhou CHN"]
[Date "2012.06.02"]
[Round "5"]
[White "Ni, Hua"]
[Black "Wang, Yue"]
[Result "1/2-1/2"]
[WhiteTitle "GM"]
[BlackTitle "GM"]
[WhiteElo "2673"]
[BlackElo "2690"]
[WhiteFideId "8601160"]
[BlackFideId "8601429"]
[EventDate "2012.05.29"]

1. d4 Nf6 2. c4 e6 3. Nf3 d5 4. g3 Be7 5. Bg2 O-O 6. O-O dxc4 7. Ne5 Nc6 8. Bxc6
bxc6 9. Nxc6 Qe8 10. Nxe7+ Qxe7 11. Qa4 e5 12. dxe5 Qxe5 13. Nc3 Ne4 14. Qxc4
Nxc3 15. Qxc3 Qxe2 16. Re1 Qb5 17. Re5 Qd7 18. Bf4 Bb7 19. Rg5 f6 20. Qb3+ Qf7
21. Rb5 Qxb3 22. axb3 Bf3 23. Bxc7 Rfe8 24. Ba5 Rab8 25. Rxb8 Rxb8 26. Bc3 Rd8
27. b4 a6 28. Kf1 Rd1+ 29. Rxd1 Bxd1 1/2-1/2